000 00432nam a2200181Ia 4500
001 24089
005 20260414151020.0
008 260414t2004||||xx |||||||||||||| ||spa||
041 _aESP
082 _a779.098541
_bB135
100 _aBenavente, Adelma,
_eAUT
245 0 _aEstudio de arte Vargas Hnos.
_b
260 _c2004
300 _a100 páginas :
_c30 cm.
650 _aABD
654 _aCAU
942 _cLIB
_dJUS
_fJUS
_2ddc
_n
999 _c24089
_d24089